000 01383nab a2200229 i 4500
001 768714001
003 CO-MdFUSB
005 20240609113850.0
008 240604t1978 ag ||||| |||| 00| 0 spa d
040 _bspa
_cCO-MdFUSB
_dCO-MdFUSB
041 _aspa
100 1 _aPadilla, C. René
_d1932-
_eautor
245 _aSer prójimo
_c/ C. René Padilla
520 _aSegún Jesús, la cuestión no es: "¿quién es mi prójimo?", sino "¿actúo yo como prójimo?". Pero la pregunta de Jesús revela la naturaleza de la parálisis que aflige a su interlocutor: no ama porque no sabe quién es su prójimo, sino porque no quiere vivir según su amor al prójimo. Ahí radica nuestro problema: no en el conocimiento intelectual, sino en la obediencia. Y si reconocemos esto, no necesitamos más explicaciones sobre el significado amoroso del amor, que está ilustrado por la acción del Buen Samaritano. Son efectivas las palabras con las que Jesús finaliza el diálogo con el rabino: "Ve y haz lo mismo".
650 7 _aCristología
_9239
650 7 _aHermenéutica bíblica
_97333
650 7 _aEnseñanza bíblica
_91266
650 7 _aHumanitarismo
_97312
773 0 _069974
_982718
_dBuenos Aires
_oR2610
_tCerteza
_w(CO-MdFUSB)768714001
_gNúmero 69, (enero - marzo, 1978) páginas: 147 - 150
_qpágina: 147
942 _cANA
945 _aCatherine Arias Alvarez - Practicante SENA
999 _c70062
_d70062